| 000 | 01231cam a2200301 a 4500 | ||
|---|---|---|---|
| 999 |
_c12732 _d12732 |
||
| 003 | OSt | ||
| 005 | 20240711164348.0 | ||
| 008 | 060112s2006 nyua b 000 0 eng | ||
| 020 | _a9781568986081 (alk. paper) | ||
| 042 | _apcc | ||
| 082 | 0 | 0 |
_a720.92 _222 |
| 100 | 1 |
_aMarpillero, S. _q(Sandro) |
|
| 245 | 1 | 0 |
_aJames Carpenter : _benvironmental refractions / _cSandro Marpillero ; preface by Jörg Schlaich ; essay by Kenneth Frampton. |
| 246 | 3 | 0 | _aEnvironmental refractions |
| 260 |
_aNew York : _bPrinceton Architectural Press, _c2006. |
||
| 300 |
_a174 p. : _bill. (chiefly col.) ; _c29 cm. |
||
| 504 | _aIncludes bibliographical references. | ||
| 600 | 1 | 0 |
_aCarpenter, James, _d1949- _xCriticism and interpretation. |
| 650 | 0 | _aGlass construction. | |
| 650 | 0 | _aGlass sculpture. | |
| 650 | 0 | _aLight in architecture. | |
| 700 | 1 |
_aCarpenter, James, _d1949- |
|
| 700 | 1 | _aFrampton, Kenneth. | |
| 856 | 4 | 1 |
_3Table of contents only _uhttp://www.loc.gov/catdir/toc/ecip066/2006001272.html |
| 856 | 4 | 2 |
_3Publisher description _uhttp://www.loc.gov/catdir/enhancements/fy0722/2006001272-d.html |
| 856 | 4 | 2 |
_3Contributor biographical information _uhttp://www.loc.gov/catdir/enhancements/fy0738/2006001272-b.html |
| 942 | _2ddc | ||